| 000 | 00723nam a2200241Ia 4500 | ||
|---|---|---|---|
| 003 | OSt | ||
| 005 | 20220926030800.0 | ||
| 006 | a|||||r|||| 00| 0 | ||
| 007 | ta | ||
| 008 | 220923b |||||||| |||| 00| 0 eng d | ||
| 037 | _cGeneral Book | ||
| 040 |
_aRTL _cRTL _beng |
||
| 041 |
_2eng _aeng |
||
| 082 | _aXM5.2.N8, M4 | ||
| 100 | _aChaturvedi Abha | ||
| 245 | 0 |
_aCorporate values and attitudes of Indian business _b content analysis of chairmen-speeches |
|
| 260 |
_aPune _bTRF India _c1984 |
||
| 300 |
_a77p _ccm. |
||
| 490 | _aTimes Research Foundation, Publication | ||
| 650 | _aJoint Stock Company | ||
| 942 |
_hXM5.2.N8, M4 _cGB _2CC |
||
| 999 |
_c650670 _d650670 |
||